| 000 | 00739nam a22002297a 4500 | ||
|---|---|---|---|
| 999 |
_c9925 _d9925 |
||
| 003 | AR-CdUCM | ||
| 008 | 190328b ||||| |||| 00| 0 eng d | ||
| 020 | _a9972-778-06-0 | ||
| 040 |
_aMUNICIPALIDAD PROVINCIAL DEL CUSCO _cBIBLIOTECA MUNICIPAL DEL CUSCO |
||
| 082 |
_a598.07 / _bW17 |
||
| 100 |
_aWalker, Barry. _926473 |
||
| 245 | _aA field guide to the birds of the Machu Picchu Historical Sanctuary, Perú / | ||
| 260 |
_aLima : _bPrograma Machu Picchu, _c2002. |
||
| 300 |
_a217 páginas ; _c23 cm. |
||
| 505 | _aContenido : En inglés ... | ||
| 650 |
_aAves _92630 |
||
| 650 |
_aSantuario Histórico de Machupicchu _916682 |
||
| 650 |
_aGuías. _926474 |
||
| 700 |
_aFjeldsa, Jon. _926475 |
||
| 942 |
_2ddc _cLIBROS |
||
| 945 | _arah | ||